Country Quiz: Zimbabwe 🇿🇼 - Statistics

General Stats
  • This quiz has been taken 10 times
  • The average score is 16 of 31
Answer Stats
Hint Answer % Correct
Between the 1880s-1960s, this country ruled Zimbabwe United Kingdom
100%
Bordering countries Botswana
80%
Between 1830-1890s, European hunters, traders and missionaries explored the region from the south, and one of the explorers was this man, who would eventually become the inspiration of the colonial name for Zimbabwe Cecil John Rhodes
80%
Main Religion Christianity
80%
Currency Dollar
80%
Language English
80%
Capital Harare
80%
1/44 Countries to lack access to any ocean, otherwise known as... Landlocked
80%
Mozambique
80%
South Africa
80%
Zambia
80%
Nationality Zimbabwean
80%
Time zones 1
60%
Second-Largest City Bulawayo
60%
In Zimbabwe, portions of the population believe in the existence of these mythical marine creatures Mermaids
60%
State-Condition Republic
60%
Former name of Zimbabwe Rhodesia (southern)
60%
Founding Father and Most Famous Leader (1980-2017) Robert Mugabe
60%
Main River Zambezi river
60%
Independence (when blacks were given equal rights) 1980
40%
National Sport Football
40%
Climate Tropical
40%
Independence from its European rulers (but whites remained minority rulers and weren't internationally recognised) 1965
20%
Main export (goods) Gold
20%
Infamous white dictator of Zimbabwe (1965-80) (when the country went under another name) Ian Smith
20%
In the 1830s, this ethnicity of people started immigrating from South Africa, due to Zulu violence and rapid Boer migration Ndebele
20%
One of two countries where you can access this world-renowned waterfall Victoria Falls
20%
Between 1514-15, this Portuguese explorer became the first European to explore Zimbabwe António Fernandes
0%
Between 1953-1963, Zimbabwe, together with Zambia and Malawi, were merged together to form this federation Central African Federation
0%
Main Lake (the largest man-made lake in the world) Lake Kariba
0%
National Animal Sable Antelope
0%
No matching quizzes found
Score Distribution
Percent of People with Each Score
Percentile by Number Answered
Your Score History
You have not taken this quiz